00913nam a22002657a 4500001001000000005001700010008004100027010001400068020002600082035001300108037001500121040000800136082001100144245009000155246004600245246000800291260005600299300002800355500002000383650004900403700001800452942002500470999001700495952013500512ENG-9071520060202050320.0080812t xxu||||| |||| 00| p eng d aENG-90715 a9788184350180c750.00 aEN-74248 bDBAD / PUB aDPL a881.08 aRainbow redemption :cedited by Binod Mishrabnew bearings in Indian English poetry / aEducational management and administration aEMA aNew DelhibAdhyayan Publishers & Distributorsc2007 axxvi, 303p.c22 cm.(Hb) aIncludes index aEnglish poetryzIndiaxHistory and criticism aMishra, Binod 2ddccENh881.08mRAI c14824d14824 001040718NFICaDBADbDBADd2008-08-13eDBAD / PUBg750.00l0o881.08 RAIpEN-74248r2008-09-15 00:00:00v750.00w2008-09-15yEN